[Event "I Taça Litoral"]
[Site "S Martinho Porto POR"]
[Date "2018.09.16"]
[Round "4.13"]
[White "Basílio, Rodrigo"]
[Black "Sperber, Ulrich"]
[Result "1-0"]
[WhiteElo "1669"]
[BlackElo "1838"]
[WhiteFideId "1941380"]
[BlackFideId "24697125"]
[WhiteCountry "POR"]
[BlackCountry "GER"]
[PlyCount "87"]


1. e4 c6 2. d4 d5 3. Nc3 dxe4 4. Nxe4 Bf5 5. Ng3 Bg6 6. h4 h6 7. h5 Bh7 8. Nf3
Nd7 9. Bd3 Bxd3 10. Qxd3 Ngf6 11. Bd2 e6 12. O-O-O Qc7 13. Ne4 Nxe4 14. Qxe4 Nf6
15. Qd3 Bd6 16. Kb1 O-O-O 17. Be3 c5 18. Qc4 Ng4 19. Rhf1 Nxe3 20. fxe3 cxd4 21.
Qxc7+ Bxc7 22. exd4 Rd7 23. c3 Rhd8 24. Kc2 e5 25. Rfe1 exd4 26. Rxd4 Rxd4 27.
cxd4 Kd7 28. Ne5+ Bxe5 29. Rxe5 Re8 30. Rxe8 Kxe8 31. Kd3 Kd7 32. Ke4 Ke6 33.
d5+ Kd6 34. g3 a6 35. a3 Ke7 36. Ke5 Kd7 37. d6 Kc6 38. b4 Kd7 39. Kd5 b6 40. a4
g6 41. hxg6 fxg6 42. Ke5 b5 43. a5 g5 44. g4 1-0

[Event "I Taça Litoral"]
[Site "S Martinho Porto POR"]
[Date "2018.09.16"]
[Round "4.14"]
[White "Amato, Giampiero"]
[Black "Dias, José"]
[Result "1-0"]
[WhiteElo "2031"]
[BlackElo "1622"]
[WhiteFideId "813303"]
[BlackFideId "1923943"]
[WhiteCountry "ITA"]
[BlackCountry "POR"]
[PlyCount "83"]


1. e4 d5 2. exd5 Qxd5 3. Nc3 Qd6 4. d4 Nf6 5. Nf3 a6 6. Bc4 b5 7. Bb3 Bb7 8. O-O
e6 9. Re1 Be7 10. Ne5 Nbd7 11. Nxf7 Kxf7 12. Rxe6 Qxe6 13. Bxe6+ Kxe6 14. Bf4
Bd6 15. Qd2 Rhe8 16. Bxd6 cxd6 17. a4 b4 18. Ne2 a5 19. Ng3 g6 20. h3 Kf7 21.
Qf4 Re6 22. Kh2 Rae8 23. c4 bxc3 24. bxc3 Kg7 25. c4 Rf8 26. Qd2 Ra8 27. Rb1 Bc8
28. Rb5 h5 29. Rxa5 Ba6 30. Qf4 Nb6 31. d5 Re5 32. Qd4 Nfd7 33. f4 Nxc4 34. Rxa6
Rxa6 35. Qxc4 h4 36. Nf1 Rxa4 37. Qxa4 Re7 38. Nd2 Rf7 39. Nf3 Nc5 40. Qd4+ Kh6
41. Ng5 Rf8 42. Ne6 1-0

[Event "I Taça Litoral"]
[Site "S Martinho Porto POR"]
[Date "2018.09.16"]
[Round "4.15"]
[White "Oliveira, Fernando Alves"]
[Black "Castanheira, António"]
[Result "0-1"]
[WhiteElo "1586"]
[BlackElo "1905"]
[WhiteFideId "1947869"]
[BlackFideId "1901788"]
[WhiteCountry "POR"]
[BlackCountry "POR"]
[PlyCount "130"]


1. d4 d5 2. Bf4 Nf6 3. e3 e6 4. Bd3 Bd6 5. Bg3 Bxg3 6. hxg3 Nbd7 7. Nf3 Qe7 8.
c3 e5 9. Bb5 c6 10. Ba4 e4 11. Nfd2 b5 12. Bc2 Nb6 13. Qe2 Nc4 14. Nxc4 bxc4 15.
Ba4 Qc7 16. Rh4 h5 17. Na3 Bg4 18. Qd2 g5 19. Rh1 Ke7 20. Bd1 Bd7 21. b4 a5 22.
Nc2 Rh7 23. Be2 Ng4 24. bxa5 Rah8 25. a6 h4 26. Bxg4 Bxg4 27. gxh4 Rxh4 28. Rxh4
Rxh4 29. f3 Bc8 30. fxe4 dxe4 31. O-O-O Bxa6 32. d5 Rh6 33. Nb4 Bb7 34. Qd4 cxd5
35. Nxd5+ Bxd5 36. Qxd5 Re6 37. Qxg5+ Ke8 38. Rd5 Qb6 39. Rc5 Qa6 40. Qg8+ Ke7
41. Rc7+ Kd6 42. Qd8+ Ke5 43. Qd4+ Kf5 44. Rc5+ Kg6 45. Qxc4 Qd6 46. Rc8 Kh7 47.
Ra8 Qg3 48. Qe2 Kg7 49. Ra7 Rf6 50. Ra5 Kf8 51. Ra8+ Kg7 52. Ra5 Kf8 53. Qb5
Qxe3+ 54. Kb2 Rb6 55. a4 Rxb5+ 56. Rxb5 Qf2+ 57. Kb3 e3 58. g4 e2 59. Re5 e1=Q
60. Rxe1 Qxe1 61. a5 Qe6+ 62. Kb4 Qa6 63. c4 Ke7 64. g5 Kd7 65. Ka4 Qxc4+ 0-1

[Event "I Taça Litoral"]
[Site "S Martinho Porto POR"]
[Date "2018.09.16"]
[Round "4.16"]
[White "Pais, Bruno"]
[Black "Coimbra, João"]
[Result "1-0"]
[WhiteElo "1817"]
[BlackElo "1429"]
[WhiteFideId "1911341"]
[BlackFideId "1901435"]
[WhiteCountry "POR"]
[BlackCountry "POR"]
[PlyCount "91"]


1. d4 e6 2. c4 c6 3. Nc3 Bb4 4. Qc2 d6 5. Nf3 h6 6. g3 Bxc3+ 7. Qxc3 d5 8. Bg2
Nf6 9. O-O Ne4 10. Qc2 Nd7 11. Nd2 Nxd2 12. Bxd2 Nf6 13. Bb4 b6 14. Rac1 Bb7 15.
a4 Rc8 16. c5 Qd7 17. Rcd1 b5 18. axb5 cxb5 19. Ra1 Bc6 20. Ra6 O-O 21. Rfa1 Rc7
22. Bd2 Rb7 23. b4 Re8 24. Qa2 Ra8 25. Bf4 Nh7 26. h4 f5 27. Qa3 Nf6 28. Bd6 Ne8
29. Be5 Nf6 30. Rb6 Rxb6 31. cxb6 axb6 32. Qb2 Rxa1+ 33. Qxa1 Bb7 34. Qc1 Qc6
35. Qd2 Ng4 36. Bf4 h5 37. f3 Nf6 38. Be5 Kf7 39. Qg5 Qc2 40. Bxf6 gxf6 41.
Qxh5+ Kg7 42. Qe8 Qc6 43. Qe7+ Kg6 44. h5+ Kxh5 45. Qh7+ Kg5 46. f4+ 1-0

[Event "I Taça Litoral"]
[Site "S Martinho Porto POR"]
[Date "2018.09.16"]
[Round "4.17"]
[White "Fernandes, Martim Bernardo"]
[Black "Schleime, Franz-Joseph"]
[Result "0-1"]
[WhiteElo "1092"]
[BlackElo "1696"]
[WhiteFideId "1960547"]
[BlackFideId "24641740"]
[WhiteCountry "POR"]
[BlackCountry "GER"]
[PlyCount "56"]


1. e4 c5 2. Nf3 e6 3. d4 cxd4 4. Nxd4 a6 5. Bd3 Nf6 6. O-O d6 7. f4 Qc7 8. Qe2
Be7 9. Nc3 Nbd7 10. Bd2 b6 11. Rad1 Bb7 12. Nb3 O-O 13. Be3 Rfe8 14. Kh1 Bf8 15.
Bg1 g6 16. g3 d5 17. e5 Nh5 18. Bf2 Nc5 19. Nxc5 bxc5 20. Be1 c4 21. f5 cxd3 22.
Rxd3 d4+ 23. Ne4 exf5 24. Rd2 Bxe4+ 25. Kg1 Bc5 26. Qd1 d3+ 27. Bf2 dxc2 28. Qc1
Rad8 0-1

[Event "I Taça Litoral"]
[Site "S Martinho Porto POR"]
[Date "2018.09.16"]
[Round "4.19"]
[White "Müller, Dieter"]
[Black "Dong, Rafael"]
[Result "1-0"]
[WhiteElo "1632"]
[BlackElo "1303"]
[WhiteFideId "24699640"]
[BlackFideId "1958038"]
[WhiteCountry "GER"]
[BlackCountry "POR"]
[PlyCount "91"]


1. Nf3 Nf6 2. c4 e6 3. Nc3 c5 4. g3 Nc6 5. Bg2 d5 6. cxd5 exd5 7. d3 Bf5 8. O-O
d4 9. Nb1 Qc7 10. Nbd2 Be7 11. Nc4 O-O 12. Bf4 Qd7 13. Nfe5 Nxe5 14. Nxe5 Qb5
15. b3 Bd6 16. Qd2 g5 17. Nc4 Bxf4 18. gxf4 g4 19. Nd6 Qd7 20. Nxb7 Rac8 21.
Rac1 Qe7 22. Rc2 Rc7 23. Na5 Rfc8 24. Rfc1 Qf8 25. Nc4 Rd7 26. Ne5 Rdc7 27. e4
dxe3 28. fxe3 Qh6 29. e4 Bd7 30. f5 Qg7 31. Qf2 Nxe4 32. dxe4 Qxe5 33. Qg3 Qd4+
34. Qf2 Qe5 35. Qh4 Qd4+ 36. Kh1 Qg7 37. Rc3 Kh8 38. Rg3 Rg8 39. Rg1 Bc6 40. Bf3
Qc3 41. h3 Rcc8 42. hxg4 Qc2 43. g5 Rce8 44. g6 fxg6 45. fxg6 Re7 46. Qxe7 1-0

[Event "I Taça Litoral"]
[Site "S Martinho Porto POR"]
[Date "2018.09.16"]
[Round "4.20"]
[White "Oster, Jean-Marie"]
[Black "Martins, Domingos"]
[Result "1-0"]
[WhiteElo "1479"]
[BlackElo "1339"]
[WhiteFideId "638013"]
[BlackFideId "1947389"]
[WhiteCountry "FRA"]
[BlackCountry "POR"]
[PlyCount "103"]


1. Nf3 c5 2. c4 e6 3. e3 Nc6 4. d4 cxd4 5. Nxd4 Qc7 6. Be2 Nf6 7. Nc3 Bb4 8.
Ndb5 Qb8 9. Bd2 a6 10. Nd4 O-O 11. O-O b6 12. a3 Bd6 13. g3 Bb7 14. b4 Be7 15.
Qc2 Ne5 16. f4 Ng6 17. e4 e5 18. Nf5 Bd8 19. Rad1 exf4 20. Bxf4 Nxf4 21. Rxf4
Kh8 22. Rff1 Re8 23. Bf3 Bc7 24. Ne3 Qa7 25. Ned5 Nxd5 26. Nxd5 Be5 27. Qd3 Rac8
28. Ne3 Rcd8 29. Nd5 Rc8 30. Bg4 Bxd5 31. Qxd5 Re7 32. Rxf7 Rce8 33. Rxe7 Rxe7
34. Rf1 Bf6 35. Rd1 a5 36. b5 Qb8 37. Bxd7 Qf8 38. Rf1 h6 39. Bf5 Rf7 40. Rd1
Be7 41. a4 g6 42. Bxg6 Bc5+ 43. Kg2 Rf2+ 44. Kh3 Be7 45. Bf5 Qf6 46. Qd4 Qxd4
47. Rxd4 Bc5 48. Rd7 h5 49. Rh7+ Kg8 50. Rxh5 Rc2 51. Kg4 Rxc4 52. Be6+ 1-0

[Event "I Taça Litoral"]
[Site "S Martinho Porto POR"]
[Date "2018.09.16"]
[Round "4.21"]
[White "Fonseca, René Gil"]
[Black "Dong, Fábio"]
[Result "1-0"]
[WhiteElo "1392"]
[BlackElo "1289"]
[WhiteFideId "1957767"]
[BlackFideId "1958020"]
[WhiteCountry "POR"]
[BlackCountry "POR"]
[PlyCount "129"]


1. e4 c5 2. Nf3 e6 3. Nc3 Nc6 4. d4 cxd4 5. Nxd4 a6 6. Bc4 Qc7 7. Bb3 Nf6 8. Be3
Bb4 9. f3 Nxd4 10. Qxd4 Bd6 11. h3 Be5 12. Qc5 Qxc5 13. Bxc5 b5 14. O-O-O Bb7
15. Bd4 Bf4+ 16. Kb1 O-O 17. Ne2 Bc7 18. Bxf6 gxf6 19. Rxd7 Rac8 20. g4 Rfd8 21.
Rhd1 Bc6 22. Rxd8+ Rxd8 23. c3 Rxd1+ 24. Bxd1 f5 25. Nd4 Bd7 26. Bc2 fxg4 27.
hxg4 Kg7 28. Kc1 Kf6 29. Kd1 h6 30. b3 Kg5 31. Ke2 Kf4 32. Bd3 Kg5 33. c4 Bb6
34. Nc2 h5 35. gxh5 Kxh5 36. cxb5 Bxb5 37. Bxb5 axb5 38. a4 bxa4 39. bxa4 Bc5
40. a5 Kg5 41. a6 Kf4 42. Nb4 f5 43. exf5 Kxf5 44. Nc6 e5 45. Ne7+ Kf4 46. Nd5+
Kf5 47. Kd3 Kg5 48. Ke4 Bd4 49. f4+ Kg6 50. fxe5 Ba7 51. e6 Kg7 52. Kf5 Kf8 53.
e7+ Kf7 54. Ke5 Bb8+ 55. Kf5 Ba7 56. Ke4 Ke8 57. Kd3 Kd7 58. Kc4 Ke8 59. Kb5 Kd7
60. Nb4 Bg1 61. Nd5 Ba7 62. Nb6+ Kxe7 63. Nc8+ Kd7 64. Nxa7 Kc7 65. Nc6 1-0

[Event "I Taça Litoral"]
[Site "S Martinho Porto POR"]
[Date "2018.09.18"]
[Round "5.1"]
[White "van Riemsdijk, Herman"]
[Black "Ikkonikov, Vyacheslav"]
[Result "0-1"]
[WhiteElo "2270"]
[BlackElo "2551"]
[WhiteFideId "2100053"]
[BlackFideId "4100972"]
[WhiteTitle "IM"]
[BlackTitle "GM"]
[WhiteCountry "BRA"]
[BlackCountry "RUS"]
[PlyCount "108"]


1. e4 c5 2. Nf3 a6 3. c4 d6 4. Nc3 Bg4 5. Be2 Nc6 6. d3 g6 7. Be3 Bg7 8. O-O Rb8
9. Rb1 e6 10. Qd2 b5 11. h3 Bxf3 12. Bxf3 Nge7 13. g3 Ne5 14. Be2 b4 15. Nd1
N5c6 16. Bh6 O-O 17. Bxg7 Kxg7 18. Ne3 Nd4 19. f4 Nec6 20. Bf3 Nxf3+ 21. Rxf3
Nd4 22. Rf2 f5 23. Re1 Qf6 24. Nf1 Rbe8 25. Nh2 e5 26. Ref1 exf4 27. Rxf4 Qg5
28. Qf2 Qe7 29. Nf3 Ne6 30. Rh4 g5 31. Rh5 fxe4 32. dxe4 Nd4 33. Qe3 Nxf3+ 34.
Rxf3 Kg6 35. Rxf8 Rxf8 36. Qe2 Qe5 37. Kh2 Qd4 38. Kg2 h6 39. h4 Re8 40. hxg5
hxg5 41. Rh7 Qxe4+ 42. Qxe4+ Rxe4 43. Rd7 Rd4 44. Kf3 Kf5 45. b3 Rd3+ 46. Ke2
Ke6 47. Ra7 Rxg3 48. Rxa6 g4 49. Ra8 Ke5 50. Kf1 Rc3 51. Ke1 Rc2 52. Ra6 g3 53.
Kf1 Rd2 54. a3 Ra2 0-1

[Event "I Taça Litoral"]
[Site "S Martinho Porto POR"]
[Date "2018.09.18"]
[Round "5.2"]
[White "Grigore, George-Gabriel"]
[Black "Sharma, Dinesh K"]
[Result "1/2-1/2"]
[WhiteElo "2486"]
[BlackElo "2276"]
[WhiteFideId "1200186"]
[BlackFideId "5004110"]
[WhiteTitle "GM"]
[BlackTitle "IM"]
[WhiteCountry "ROU"]
[BlackCountry "IND"]
[PlyCount "80"]


1. d4 d5 2. c4 c6 3. Nf3 Nf6 4. cxd5 cxd5 5. Nc3 Nc6 6. Bf4 Bf5 7. e3 e6 8. Qb3
Bb4 9. Ne5 Qa5 10. Nxc6 bxc6 11. a3 Bxc3+ 12. Qxc3 Qxc3+ 13. bxc3 Kd7 14. f3 Nh5
15. Bg5 h6 16. Bh4 g5 17. Bf2 Nf6 18. g4 Bg6 19. Bg3 Ne8 20. c4 h5 21. cxd5 exd5
22. gxh5 Rxh5 23. Be2 Rh7 24. f4 gxf4 25. Bxf4 Nc7 26. Bg4+ Ne6 27. Bxe6+ Kxe6
28. Rc1 Rc8 29. Kd2 Be4 30. Rhg1 f6 31. Rc5 Rb7 32. Kc3 Kf7 33. Rf1 Ke6 34. Rf2
Rb1 35. Rb2 Rxb2 36. Kxb2 Bd3 37. Rc1 Bc4 38. Kc3 c5 39. e4 Ba6 40. exd5+ Ke5
1/2-1/2

[Event "I Taça Litoral"]
[Site "S Martinho Porto POR"]
[Date "2018.09.18"]
[Round "5.3"]
[White "Pitschka, Claus"]
[Black "Schmitz, Andreas"]
[Result "1-0"]
[WhiteElo "2262"]
[BlackElo "2008"]
[WhiteFideId "4617762"]
[BlackFideId "4609875"]
[WhiteTitle "FM"]
[BlackTitle "CM"]
[WhiteCountry "GER"]
[BlackCountry "GER"]
[PlyCount "93"]


1. d4 d5 2. Bf4 c5 3. e3 Nc6 4. c3 cxd4 5. exd4 e6 6. Bd3 Bd6 7. Bxd6 Qxd6 8.
Nf3 Nf6 9. O-O O-O 10. Re1 Bd7 11. Ne5 g6 12. f4 Nh5 13. g3 Nxe5 14. fxe5 Qb6
15. Qb3 Qc7 16. Nd2 f5 17. Be2 Ng7 18. Rf1 b5 19. Rac1 Qb6 20. Qa3 a5 21. Qe7
Rf7 22. Qh4 h5 23. Nf3 Qd8 24. Ng5 Rf8 25. h3 Qe7 26. g4 fxg4 27. hxg4 Rxf1+ 28.
Rxf1 Rf8 29. gxh5 Nf5 30. Qg4 gxh5 31. Qxh5 Qg7 32. Qg4 Qg6 33. Nh3 Qxg4+ 34.
Bxg4 Ne3 35. Rxf8+ Kxf8 36. Be2 b4 37. Kf2 Nf5 38. Bd3 Ne7 39. cxb4 axb4 40. Nf4
Nc8 41. Ke3 Ke7 42. Ba6 Na7 43. Nd3 Nc6 44. Nc5 b3 45. a3 Na5 46. Kd2 Kd8 47.
Kc3 1-0

[Event "I Taça Litoral"]
[Site "S Martinho Porto POR"]
[Date "2018.09.18"]
[Round "5.4"]
[White "Fernandes, Ricardo Paulos"]
[Black "Osianu, Tudor"]
[Result "0-1"]
[WhiteElo "2160"]
[BlackElo "1978"]
[WhiteFideId "1943464"]
[BlackFideId "1212486"]
[WhiteCountry "POR"]
[BlackCountry "ROU"]
[PlyCount "74"]


1. b3 Nf6 2. Bb2 d6 3. c4 g6 4. e3 Bg7 5. d3 c6 6. Nd2 Nbd7 7. Ngf3 a5 8. a3 e5
9. Qc2 Nc5 10. Be2 O-O 11. O-O Re8 12. Ne4 Nfxe4 13. dxe4 f5 14. Nd2 fxe4 15. b4
axb4 16. axb4 Rxa1 17. Bxa1 Na6 18. Rd1 Qh4 19. g3 Qe7 20. Bb2 Nxb4 21. Qb3 Nd3
22. Ba3 Bf5 23. Bxd3 exd3 24. e4 Bg4 25. f3 Bh3 26. Qxd3 Bf8 27. Nb1 Qf6 28. Nc3
Ra8 29. Bb2 Qd8 30. c5 Qf6 31. cxd6 Qd8 32. Ne2 Qb6+ 33. Kh1 Qxb2 34. d7 Qb6 35.
g4 Qf2 36. Rg1 Ra1 37. Qc4+ Kg7 0-1

[Event "I Taça Litoral"]
[Site "S Martinho Porto POR"]
[Date "2018.09.18"]
[Round "5.5"]
[White "Schmitz, Manuela"]
[Black "Sismeiro, Miguel"]
[Result "1/2-1/2"]
[WhiteElo "1931"]
[BlackElo "2014"]
[WhiteFideId "4626001"]
[BlackFideId "1950975"]
[WhiteTitle "WFM"]
[WhiteCountry "GER"]
[BlackCountry "POR"]
[PlyCount "84"]


1. d4 d5 2. Nf3 Nf6 3. c4 e6 4. Nc3 Be7 5. Bg5 O-O 6. e3 h6 7. Bh4 Ne4 8. Bxe7
Qxe7 9. Qc2 Nxc3 10. Qxc3 a6 11. Rc1 Nc6 12. a3 Re8 13. Bd3 dxc4 14. Bxc4 e5 15.
dxe5 Nxe5 16. Nxe5 Qxe5 17. Qxe5 Rxe5 18. O-O Bf5 19. Rfd1 Ree8 20. Bd3 Bxd3 21.
Rxd3 Rad8 22. Rb3 b6 23. g3 Re7 24. Rc6 Rd2 25. a4 Rd1+ 26. Kg2 Ra1 27. Rb4 Kf8
28. Rbc4 Ke8 29. b3 Kd8 30. h4 Ra2 31. Kf3 Rd7 32. Rc3 Rad2 33. a5 R2d6 34. axb6
cxb6 35. Rc8+ Ke7 36. Ra8 b5 37. Rcc8 h5 38. Rh8 g6 39. Rhe8+ Kf6 40. Rec8 Kg7
41. Rg8+ Kf6 42. Rgc8 Kg7 1/2-1/2

[Event "I Taça Litoral"]
[Site "S Martinho Porto POR"]
[Date "2018.09.18"]
[Round "5.6"]
[White "Grüttner, Ralf"]
[Black "Morais, Vítor"]
[Result "0-1"]
[WhiteElo "2133"]
[BlackElo "1893"]
[WhiteFideId "4638158"]
[BlackFideId "1900552"]
[BlackTitle "NM"]
[WhiteCountry "GER"]
[BlackCountry "POR"]
[PlyCount "70"]


1. e4 c5 2. Nf3 a6 3. d4 cxd4 4. Nxd4 Nf6 5. Nc3 e5 6. Nb3 Bb4 7. Bd3 d5 8. exd5
Nxd5 9. Bd2 Nxc3 10. bxc3 Bd6 11. O-O O-O 12. f4 Qh4 13. g3 Qh3 14. f5 g6 15.
fxg6 hxg6 16. Qf3 Nc6 17. Bg5 Qg4 18. Qxg4 Bxg4 19. Bf6 Rfe8 20. Nd2 Bh3 21.
Rfe1 b5 22. a4 b4 23. Ne4 Bc7 24. cxb4 Nxb4 25. Ng5 Nxd3 26. cxd3 Bf5 27. Red1
Bb6+ 28. Kg2 Rac8 29. Nf3 Rc2+ 30. Kh1 Bg4 31. Rf1 Bh3 32. Ne1 Re2 33. Rf3 e4
34. Rf4 exd3 35. Rh4 Rxe1+ 0-1

[Event "I Taça Litoral"]
[Site "S Martinho Porto POR"]
[Date "2018.09.18"]
[Round "5.7"]
[White "Lochte, Thomas"]
[Black "Lopez De Turiso, José Angel"]
[Result "1/2-1/2"]
[WhiteElo "2071"]
[BlackElo "1942"]
[WhiteFideId "4606272"]
[BlackFideId "2207680"]
[WhiteCountry "GER"]
[BlackCountry "ESP"]
[PlyCount "117"]


1. e4 c5 2. d4 cxd4 3. c3 d5 4. exd5 Qxd5 5. cxd4 Nc6 6. Nf3 e5 7. Nc3 Bb4 8.
Bd2 Bxc3 9. Bxc3 e4 10. Ne5 Nxe5 11. dxe5 Ne7 12. Qe2 O-O 13. Rd1 Qxa2 14. Qxe4
Be6 15. Bd3 Bf5 16. Qxb7 Bxd3 17. Rxd3 Ng6 18. O-O Nf4 19. Rd2 Qc4 20. Re1 Rad8
21. Rxd8 Rxd8 22. Qe4 Qxe4 23. Rxe4 Rd1+ 24. Re1 Ne2+ 25. Kf1 Nxc3 26. bxc3
Rxe1+ 27. Kxe1 g5 28. Kd2 Kf8 29. Kd3 Ke7 30. g4 Ke6 31. Kd4 f6 32. exf6 Kxf6
33. Kd5 Ke7 34. Kc6 Kd8 35. Kb7 a5 36. c4 a4 37. c5 a3 38. c6 a2 39. c7+ Ke7 40.
c8=Q a1=Q 41. Qc7+ Kf6 42. Qxh7 Qb2+ 43. Kc8 Qxf2 44. Qh6+ Kf7 45. Qxg5 Qxh2 46.
Qf5+ Kg7 47. Kd7 Qd2+ 48. Ke6 Qe3+ 49. Kd5 Qd2+ 50. Ke4 Qc2+ 51. Kf4 Qxf5+ 52.
Kxf5 Kf7 53. g5 Kg7 54. g6 Kg8 55. Kg5 Kg7 56. Kh5 Kg8 57. Kh6 Kh8 58. g7+ Kg8
59. Kg6 1/2-1/2

[Event "I Taça Litoral"]
[Site "S Martinho Porto POR"]
[Date "2018.09.18"]
[Round "5.8"]
[White "Selkirk, Rebecca"]
[Black "Bous, Florian"]
[Result "0-1"]
[WhiteElo "1733"]
[BlackElo "2019"]
[WhiteFideId "14306514"]
[BlackFideId "4660412"]
[WhiteCountry "RSA"]
[BlackCountry "GER"]
[PlyCount "68"]


1. e4 c5 2. c3 Nf6 3. e5 Nd5 4. Nf3 d6 5. exd6 Qxd6 6. d4 cxd4 7. cxd4 Nc6 8.
Nc3 Bf5 9. Nxd5 Qxd5 10. a3 g6 11. Be3 Bg7 12. Rc1 Rd8 13. Bc4 Qa5+ 14. Rc3 Rd7
15. b4 Qd8 16. Qb3 O-O 17. Bb5 Be4 18. Bxc6 Bxc6 19. Ne5 Bxe5 20. dxe5 Bxg2 21.
Rg1 Bf3 22. Rc1 Rd3 23. Qc2 Qd5 24. Rg3 Be4 25. Qc5 Qd7 26. Bg5 Bf3 27. Rxf3
Rxf3 28. Bxe7 Re8 29. Bd6 Qe6 30. Rc2 Rxa3 31. Qb5 a6 32. Qe2 Qd5 33. Rd2 Qh1+
34. Qf1 Ra1+ 0-1

[Event "I Taça Litoral"]
[Site "S Martinho Porto POR"]
[Date "2018.09.18"]
[Round "5.9"]
[White "Vonach, Bernard"]
[Black "Amato, Giampiero"]
[Result "1-0"]
[WhiteElo "1894"]
[BlackElo "2031"]
[WhiteFideId "4680243"]
[BlackFideId "813303"]
[WhiteCountry "GER"]
[BlackCountry "ITA"]
[PlyCount "85"]


1. Nf3 Nf6 2. b3 g6 3. Bb2 Bg7 4. g4 O-O 5. g5 Nh5 6. Bxg7 Nxg7 7. d4 d5 8. Nc3
Nc6 9. e3 a5 10. h4 Bf5 11. Bd3 Bxd3 12. Qxd3 Qd6 13. a3 e5 14. Nxe5 Nxe5 15.
dxe5 Qxe5 16. f4 Qd6 17. Nxd5 Nh5 18. Nf6+ Nxf6 19. Qxd6 cxd6 20. gxf6 Rfe8 21.
Kf2 Re6 22. Rad1 Rxf6 23. Rd5 Rc8 24. Rc1 b6 25. c4 Kf8 26. Kf3 Re6 27. Rb5 Rc6
28. Rc3 Re8 29. Rd3 Ke7 30. Rd4 Ra8 31. a4 Rb8 32. Ke4 Rc5 33. Rd5 Kd7 34. Kd4
Kc6 35. e4 Rxb5 36. axb5+ Kc7 37. e5 dxe5+ 38. fxe5 h6 39. Rd6 Rd8 40. Kd5 g5
41. hxg5 hxg5 42. c5 bxc5 43. b6+ 1-0

[Event "I Taça Litoral"]
[Site "S Martinho Porto POR"]
[Date "2018.09.18"]
[Round "5.10"]
[White "Krüger, Till"]
[Black "Pais, Bruno"]
[Result "0-1"]
[WhiteElo "1948"]
[BlackElo "1817"]
[WhiteFideId "24647705"]
[BlackFideId "1911341"]
[WhiteCountry "GER"]
[BlackCountry "POR"]
[PlyCount "90"]


1. e4 c5 2. Nf3 e6 3. c3 Nf6 4. e5 Nd5 5. d4 cxd4 6. cxd4 d6 7. Bd3 Nc6 8. exd6
Bxd6 9. O-O O-O 10. Nc3 Nxc3 11. bxc3 Qc7 12. Bxh7+ Kxh7 13. Ng5+ Kg6 14. f4 f6
15. Qd3+ f5 16. Qg3 Kf6 17. Re1 Rh8 18. Bd2 Bd7 19. Nf3 Rae8 20. c4 Bb4 21. Bxb4
Nxb4 22. Ne5 Ke7 23. Qxg7+ Kd8 24. Nf7+ Kc8 25. Nxh8 Nc2 26. Re5 Nxa1 27. Ng6
Qd6 28. d5 Qc5+ 29. Kh1 Qxc4 30. h4 Nc2 31. h5 Qf1+ 32. Kh2 Ne1 33. Nf8 Qxf4+
34. Kg1 Qd4+ 35. Kh2 Qh4+ 36. Kg1 Re7 37. Qg8 Qd4+ 38. Kh1 Qd1 39. Nxd7+ Kxd7
40. dxe6+ Kc7 41. Kh2 Qxh5+ 42. Kg1 Qd1 43. Kh2 Qd6 44. Qg3 Nd3 45. Rxf5 Rh7+
0-1

[Event "I Taça Litoral"]
[Site "S Martinho Porto POR"]
[Date "2018.09.18"]
[Round "5.12"]
[White "February, Jesse"]
[Black "Hielscher, Ursula"]
[Result "1-0"]
[WhiteElo "1933"]
[BlackElo "1771"]
[WhiteFideId "14312336"]
[BlackFideId "4658965"]
[WhiteTitle "WIM"]
[WhiteCountry "RSA"]
[BlackCountry "GER"]
[PlyCount "67"]


1. e4 e6 2. d4 d5 3. Nd2 Nf6 4. e5 Nfd7 5. Bd3 c5 6. c3 Nc6 7. Ne2 Qb6 8. Nf3
cxd4 9. cxd4 Bb4+ 10. Bd2 Bxd2+ 11. Qxd2 Qb4 12. Rc1 Qxd2+ 13. Kxd2 Nb6 14. b3
Bd7 15. Bb1 Ke7 16. Ne1 h6 17. Nd3 f6 18. exf6+ gxf6 19. Nc5 Bc8 20. Rhe1 Kd6
21. Rc3 e5 22. dxe5+ fxe5 23. Ng3 Rf8 24. f3 d4 25. Rcc1 Nd5 26. a3 Nc3 27.
Nge4+ Nxe4+ 28. Bxe4 Rb8 29. b4 Ne7 30. Nd3 b6 31. f4 exf4 32. Rc4 Be6 33. Rxd4+
Bd5 34. Bxd5 1-0

[Event "I Taça Litoral"]
[Site "S Martinho Porto POR"]
[Date "2018.09.18"]
[Round "5.13"]
[White "Hart, Alexander"]
[Black "Oliveira, Tomás"]
[Result "1/2-1/2"]
[WhiteElo "1901"]
[BlackElo "1596"]
[WhiteFideId "1735829"]
[BlackFideId "1929216"]
[WhiteCountry "SWE"]
[BlackCountry "POR"]
[PlyCount "112"]


1. c4 e6 2. Nf3 d5 3. e3 f5 4. cxd5 exd5 5. b3 Nf6 6. Bb2 Bd6 7. g3 c6 8. Bg2
O-O 9. O-O Qe7 10. d3 Nbd7 11. a3 Ne5 12. Ng5 Nfg4 13. Nh3 Ng6 14. Nd2 Be5 15.
d4 Bd6 16. b4 a6 17. Qb3 Nf6 18. f3 Kh8 19. Rae1 Bd7 20. Nf2 Rae8 21. e4 fxe4
22. fxe4 dxe4 23. Ndxe4 Nxe4 24. Bxe4 Qd8 25. Qc2 Re6 26. Re2 Bc7 27. Rfe1 Bb6
28. Nd3 Ref6 29. Nc5 Bh3 30. Bg2 Bxg2 31. Kxg2 Bxc5 32. dxc5 Qd5+ 33. Kg1 R6f7
34. Qc3 Qf5 35. Qd4 Kg8 36. a4 Qh3 37. Bc3 Qf5 38. Qc4 Kh8 39. Bd4 Qh3 40. Qc1
Qg4 41. Qb2 Kg8 42. Re4 Qh3 43. Qe2 Qf5 44. Re6 Qd5 45. Qb2 Qf5 46. Qb3 Kh8 47.
b5 Qh3 48. Qc4 axb5 49. axb5 Qf5 50. bxc6 bxc6 51. Rxc6 Qh3 52. Rce6 Nh4 53.
gxh4 Qg4+ 54. Kh1 Qf3+ 55. Kg1 Qg4+ 56. Kh1 Qf3+ 1/2-1/2

[Event "I Taça Litoral"]
[Site "S Martinho Porto POR"]
[Date "2018.09.18"]
[Round "5.14"]
[White "Castanheira, António"]
[Black "Kievelitz, Bernd"]
[Result "1/2-1/2"]
[WhiteElo "1905"]
[BlackElo "1842"]
[WhiteFideId "1901788"]
[BlackFideId "4602544"]
[WhiteCountry "POR"]
[BlackCountry "GER"]
[PlyCount "68"]


1. d4 Nf6 2. c4 e6 3. a3 d5 4. Nc3 c6 5. e3 Bd6 6. Nf3 Nbd7 7. Bd3 O-O 8. e4
dxe4 9. Nxe4 Nxe4 10. Bxe4 h6 11. O-O e5 12. Bc2 f5 13. dxe5 Nxe5 14. Nxe5 Bxe5
15. Qh5 Qf6 16. Rb1 Be6 17. b3 Bd4 18. Qf3 Rad8 19. Be3 Bc8 20. Bxd4 Rxd4 21.
Rfd1 Rfd8 22. Rxd4 Rxd4 23. Rd1 c5 24. Qe3 Bd7 25. Rxd4 cxd4 26. Qd3 g6 27. b4
Kg7 28. Bd1 Qe5 29. Kf1 Kf6 30. Bf3 Bc6 31. Bxc6 bxc6 32. Qg3 Qe4 33. Qd6+ Kg5
34. Qg3+ Kf6 1/2-1/2

[Event "I Taça Litoral"]
[Site "S Martinho Porto POR"]
[Date "2018.09.18"]
[Round "5.15"]
[White "Sperber, Ulrich"]
[Black "Nielsen, Jørgen"]
[Result "1-0"]
[WhiteElo "1838"]
[BlackElo "1670"]
[WhiteFideId "24697125"]
[BlackFideId "1413279"]
[WhiteCountry "GER"]
[BlackCountry "DEN"]
[PlyCount "71"]


1. e4 c5 2. d4 cxd4 3. c3 dxc3 4. Nxc3 Nc6 5. Nf3 Nf6 6. Bc4 e6 7. Qe2 Qc7 8.
Bg5 Be7 9. Rc1 O-O 10. e5 Ne8 11. Bd3 g6 12. Bxe7 Nxe7 13. h4 b6 14. h5 Bb7 15.
hxg6 Nxg6 16. Bxg6 fxg6 17. Ng5 Rf5 18. f4 Rxf4 19. Qe3 Rf5 20. Nd5 Qxc1+ 21.
Qxc1 Rxe5+ 22. Kf1 Bxd5 23. Nxh7 Rf5+ 24. Kg1 Re5 25. Qc3 Rh5 26. Rxh5 gxh5 27.
Qd3 Kg7 28. Ng5 Nf6 29. Nh3 Rg8 30. Nf4 Be4 31. Qd4 Kf7 32. Kf2 Ke7 33. Nxh5
Rxg2+ 34. Ke3 Rg6 35. Nxf6 Rxf6 36. Qxe4 1-0

[Event "I Taça Litoral"]
[Site "S Martinho Porto POR"]
[Date "2018.09.18"]
[Round "5.16"]
[White "Heil, Rudolf"]
[Black "Müller, Dieter"]
[Result "1/2-1/2"]
[WhiteElo "1737"]
[BlackElo "1632"]
[WhiteFideId "1271132"]
[BlackFideId "24699640"]
[WhiteCountry "GER"]
[BlackCountry "GER"]
[PlyCount "46"]


1. c4 c5 2. g3 g6 3. Bg2 Bg7 4. Nc3 Nf6 5. e4 d6 6. Nge2 Nbd7 7. O-O a6 8. d3
Rb8 9. Be3 Ng4 10. Bf4 e5 11. Bd2 b5 12. Qc1 h5 13. h3 Ngf6 14. f4 Bh6 15. f5
Bxd2 16. Qxd2 gxf5 17. exf5 Bb7 18. Nd5 Nxd5 19. cxd5 f6 20. Nc3 Kf7 21. a3 Qb6
22. Kh2 a5 23. Rac1 Ba8 1/2-1/2